书目信息 |
| 题名: |
大学基础化学实验
|
|
| 作者: | 冯建成 主编 | |
| 分册: | ||
| 出版信息: | 合肥 中国科学技术大学出版社 2013 |
|
| 页数: | 293页 | |
| 开本: | 26cm | |
| 丛书名: | ||
| 单 册: | ||
| 中图分类: | O6-3 | |
| 科图分类: | ||
| 主题词: | 化学实验--Hua Xue Shi Yan--高等学校--教材 | |
| 电子资源: | ||
| ISBN: | 978-7-312-03206-6 | |
| 000 | 00890nam0 2200253 450 | |
| 001 | 012001001234 | |
| 005 | 20131107170217.0 | |
| 010 | @a978-7-312-03206-6@dCNY32.00 | |
| 099 | @aCAL 012013093173 | |
| 100 | @a20130811d2013 em y0chiy50 ea | |
| 101 | 0 | @achi |
| 102 | @aCN@b340000 | |
| 105 | @aak a 000yy | |
| 106 | @ar | |
| 200 | 1 | @a大学基础化学实验@ADa Xue Ji Chu Hua Xue Shi Yan@f主编冯建成 |
| 210 | @a合肥@c中国科学技术大学出版社@d2013 | |
| 215 | @a293页@c图@d26cm | |
| 320 | @a有书目 (第292-293页) | |
| 330 | @a本书将具有基础性、综合性、设计性及研究性的实验整合到一起,介绍了无机化学实验、分析化学实验、有机化学实验、物理化学实验、基础化学实验和仪器分析实验的基本原理与技能。 | |
| 606 | 0 | @a化学实验@AHua Xue Shi Yan@x高等学校@j教材 |
| 690 | @aO6-3@v4 | |
| 701 | 0 | @a冯建成@AFeng Jian Cheng@4主编 |
| 801 | 0 | @aCN@b北京卓展@c20191020 |
| 905 | @b1197821-4@dO6-3@e1019@f4 | |
| 大学基础化学实验/主编冯建成.-合肥:中国科学技术大学出版社,2013 |
| 293页:图;26cm |
| ISBN 978-7-312-03206-6:CNY32.00 |
| 本书将具有基础性、综合性、设计性及研究性的实验整合到一起,介绍了无机化学实验、分析化学实验、有机化学实验、物理化学实验、基础化学实验和仪器分析实验的基本原理与技能。 |
| ● |
| 相关链接 |
|
|
|
|
正题名:大学基础化学实验
索取号:O6-3/1019
 
预约/预借
| 序号 | 登录号 | 条形码 | 馆藏地/架位号 | 状态 | 备注 |
| 1 | 1197821 | 211978216 | 第二样本阅览室/ [索取号:O6-3/1019] | 在馆 | |
| 2 | 1197822 | 211978225 | 第三借阅区/ [索取号:O6-3/1019] | 在馆 | |
| 3 | 1197823 | 211978234 | 第三借阅区/ [索取号:O6-3/1019] | 在馆 | |
| 4 | 1197824 | 211978243 | 第三借阅区/ [索取号:O6-3/1019] | 在馆 |